Normal view
MARC view
Entry Topical Term
001 - CONTROL NUMBER
- control field: 50750
003 - CONTROL NUMBER IDENTIFIER
- control field: OSt
005 - DATE AND TIME OF LATEST TRANSACTION
- control field: 20250219160252.0
008 - FIXED-LENGTH DATA ELEMENTS
- fixed length control field: 250219|| aca||aabn | a|a d
040 ## - CATALOGING SOURCE
- Original cataloging agency: OSt
- Transcribing agency: OSt
150 ## - HEADING--TOPICAL TERM
- Topical term or geographic name entry element: Fiscal sustainability, Fiscal health, Fiscal monitoring and intervention, Local government, Local public finance.
670 ## - SOURCE DATA FOUND
- Source citation: Work cat.: (OSt): Zhang, Pengju and Guo, Hai (David) 50749, Navigating local fiscal sustainability: Topics and challenge
